Environmental Impact Assessment (Record no. 13980)

MARC details
000 -LEADER
fixed length control field 00411nam a22001697a 4500
003 - CONTROL NUMBER IDENTIFIER
control field OSt
008 - FIXED-LENGTH DATA ELEMENTS--GENERAL INFORMATION
fixed length control field 260520b |||||||| |||| 00| 0 eng d
020 ## - INTERNATIONAL STANDARD BOOK NUMBER
International Standard Book Number 9781032557540
082 ## - DEWEY DECIMAL CLASSIFICATION NUMBER
Classification number 333.714 ECE
100 ## - MAIN ENTRY--PERSONAL NAME
Personal name ECCLESTON,Charles H
245 ## - TITLE STATEMENT
Title Environmental Impact Assessment
250 ## - EDITION STATEMENT
Edition statement 1st Ed Rep
260 ## - PUBLICATION, DISTRIBUTION, ETC. (IMPRINT)
Place of publication, distribution, etc New Delhi
Name of publisher, distributor, etc CRC Press
Date of publication, distribution, etc 2025
300 ## - PHYSICAL DESCRIPTION
Extent 268p.
942 ## - ADDED ENTRY ELEMENTS (KOHA)
Source of classification or shelving scheme Dewey Decimal Classification
Koha item type Text Books
Holdings
Withdrawn status Lost status Source of classification or shelving scheme Damaged status Not for loan Collection code Home library Current library Date acquired Source of acquisition Currency Cost, normal purchase price Bill Number Total Checkouts Full call number Acc. no. / Barcode Date last seen Actual Cost, discounted price Bill Date Koha item type
    Dewey Decimal Classification     B.Tech(CE) PIET C-LIBRARY PIET C-LIBRARY 13/05/2026 Zafaa Books and Distributors INR 1695.00 ZBD2026-27-0045   333.714 ECE 40205 20/05/2026 1101.75 13/05/2026 Reference Books
    Dewey Decimal Classification     B.Tech(CE) PIET C-LIBRARY PIET C-LIBRARY 13/05/2026 Zafaa Books and Distributors INR 1695.00 ZBD2026-27-0045   333.714 ECE 40206 20/05/2026 1101.75 13/05/2026 Text Books
    Dewey Decimal Classification     B.Tech(CE) PIET C-LIBRARY PIET C-LIBRARY 13/05/2026 Zafaa Books and Distributors INR 1695.00 ZBD2026-27-0045   333.714 ECE 40207 20/05/2026 1101.75 13/05/2026 Text Books
    Dewey Decimal Classification     B.Tech(CE) PIET C-LIBRARY PIET C-LIBRARY 13/05/2026 Zafaa Books and Distributors INR 1695.00 ZBD2026-27-0045   333.714 ECE 40208 20/05/2026 1101.75 13/05/2026 Text Books
    Dewey Decimal Classification     B.Tech(CE) PIET C-LIBRARY PIET C-LIBRARY 13/05/2026 Zafaa Books and Distributors INR 1695.00 ZBD2026-27-0045   333.714 ECE 40209 20/05/2026 1101.75 13/05/2026 Text Books

Design & Developed by: PIET Central Library
R70 Miles Stone Pattikalyana Samalkha Panipat 132102
mail ID :- [email protected], Phone No:- 0180-2569700 Ex.216